00569nam a2200181Ia 4500003000400000005001700004008004100021040000700062041001200069082001600081100006500097245011600162260004000278300001600318365001100334650002300345650001900368OSt20251126141156.0210719s2012 xx 000 0 und d cAL aKannada aK894.1 ABHP aABHISHEK (K R)dಅಭಿಷೇಕ್ (ಕೆ ಅರ್)  aPayanisuva hadiyali: kavana sankalanabಪಯಣಿಸುವ ಹಾದಿಯಲಿ : ಕವನ ಸಂಕಲನ  aMangalurubKalkura Prakashanac2012 aviii,48bPB b50cRs aKannada literature aKannada Poetry